000 00324nam a2200133Ia 4500
005 20260328104316.0
008 260328s9999||||xx |||||||||||||| ||und||
100 _aMoreno, Sarbello
245 0 _aCasas y casonas de Querétaro /
_cSarbello Moreno
260 _bPrinted
300 _a182 p.
650 _aMEXICO
942 _cBK
999 _c11178
_d11178